| 000 | 00712nam a2200217Ii 4500 | ||
|---|---|---|---|
| 003 | JO-AjNU | ||
| 008 | 230605s9999||||xx |||||||||||||| ||und|| | ||
| 017 | _a1988/7059 | ||
| 040 |
_aJO-AjNU _bara _erda _cJO-AjNU |
||
| 041 | _aara | ||
| 050 | 1 | 4 | _aDT107.2.A42.I4264 1988 |
| 100 | 3 |
_aإمام، عبدالله, _eauthor _920452 |
|
| 245 | 0 | 0 | _aعامر وبرلنتي: الحكاية. القضية. الحكم . الوثائق |
| 250 | _aط1 | ||
| 264 | 3 | 1 | _aالقاهرة: سينا للنشر، 1988 |
| 300 | _a380ص | ||
| 336 |
_atext _btxt _2rdacontent |
||
| 337 |
_aunmediated _bn _2rdamedia |
||
| 338 |
_avolume _bnc _2rdacarrier |
||
| 650 | 4 |
_aتراجم-مصر عمر وبرلنتي-تاريخ _920453 |
|
| 999 |
_aA6934 _c10502 _d10502 |
||